000 00816nam a2200241 a 4500
001 BRCA_15
005 20190320202838.0
008 831209s1940 ag-#---###---#000-0#spa-#
020 _a9683619932
040 _aDLC
_dDLC
050 4 _aZ212
_b.T66 1991
100 1 _aTorre Revello, José
_d1893-
_975
245 1 0 _aEl libro, la imprenta y el periodismo en América
_bdurante la dominación española
_cJosé Torre Revello.
260 _aMéxico
_bUNAM, Instituto de Investigaciones Bibliográficas
_c1991
300 _a262 p.
_bil.
_c28 cm.
500 _aIncluye índice de láminas y apéndice
500 _aFacsímil de: Buenos Aires, 1940
650 1 4 _aImprenta
_xHistoria
_zAmérica Latina
_976
650 1 4 _aCensura
_977
650 1 4 _aAmérica Latina
_978
651 4 _aAmérica Latina
_vDiarios
_979
942 _2lcc
_cB
999 _c15
_d15